| 000 | 00455 a2200157 4500 | ||
|---|---|---|---|
| 003 | Nust | ||
| 005 | 20170207153551.0 | ||
| 040 | _cNust | ||
| 082 | _a005.1 | ||
| 100 | _aButt, Muhammad Munir Akhtar MSCS | ||
| 245 |
_aDesign, development & implementaion of distributed database system for military college of signals _cMuhammad Munir Akhtar Butt, MSCS |
||
| 260 |
_bMCS _cApril 1999 |
||
| 300 | _ax, 98 p | ||
| 538 | _aT2 and Shelf No 1 | ||
| 650 | _aMSCS Thesis | ||
| 942 | _cTHS | ||
| 999 |
_c188848 _d188848 |
||